Greatest Rock & Roll Songs with a Color in the Title - Statistics

General Stats
  • This quiz has been taken 172 times
    111 since last reset
  • The average score is 11 of 26
Answer Stats
Song Title Artist % Correct
Paint it Black The Rolling Stones
95%
Back in Black ACDC
88%
Black Dog Led Zeppelin
81%
White Wedding Billy Idol
71%
Goodbye Yellow Brick Road Elton John
68%
Brown Eyed Girl Van Morrison
68%
Black Hole Sun Soundgarden
66%
Yellow Coldplay
61%
Little Red Corvette Prince
61%
Blue Christmas Elvis Presley
53%
Golden Slumbers The Beatles
53%
Pretty Fly (For a White Guy) the Offspring
48%
Orange Crush REM
41%
Mellow Yellow Donovan
33%
A Whiter Shade of Pale Procol Harum
32%
Nights in White Satin The Moody Blues
32%
Touch of Grey Grateful Dead
31%
Long Cool Woman (In a Black Dress) The Hollies
30%
Pink Cadillac Bruce Springsteen
27%
Blue Jean David Bowie
27%
Yellow Ledbetter Pearl Jam
25%
Bullett the Blue Sky U2
22%
Crimson and Clover Joan Jett
14%
Gold on the Ceiling the Black Keys
11%
Blue Orchid the White Stripes
6%
Blue Sky Mine Midnight Oil
5%
No matching quizzes found
Score Distribution
Percent of People with Each Score
Percentile by Number Answered
Your Score History
You have not taken this quiz since the last reset